000 00333 a2200133 4500
000 nam a22 7a 4500
100 _aVerma, Manoj
110 _aVerma, Manoj
245 _aCrime and Society
250 _aLatest edition
260 _bKeya International Press
_c2024
264 _bKeya International Press
_c2024
942 _cBK
999 _c396168
_d396168